1416 1189 1066 1543 1330 1446 1804 1564 1081 1490 1884 1963 1164 1545 1663 1142 1343 1979 1273 1998 1935 1006 1196 1710 1678 1644 1862 1511 1841 1954 1968 1581 1428 1720 1080 1304 1160 1754 1881 1634 1664 1119 1885 1550 1687 1228 1599 1965 1369 1728 1402 1465 1342 1920 1682 1782 1831 1870 1532 1441 1923 1874 1479 1548 1523 1297 1308 1488 1981 1874 1960 1007 1557 1507 1297 1308 1617 1742 1019 1943 1566 1468 1002 1525 1362 1646 1054 1113 1531 1700 1567 1048 1189 1279 1079 1752 1461 1519 1174 BCNSPRNW ULIB Ver.6.0+V

เปลี่ยนเป็นภาษาไทย

Change to English
 แสดงรายละเอียดบรรณานุกรม
  กลับหน้าหลัก

Brief Record : Get Marc (ISO 2709) : E-mail record : QR code < ปิดหน้าต่าง
LEADER : 00000nas 2200000uu 4500
001    13399120627
003     ULIB
008    121001s||||||||th 000 0 tha d
022 0  08583552
245 00 วารสารสาธารณสุขเพชรบุรี
260    เพชรบุรี:^bสำนักงานสาธารณสุขเพชรบุรี
310    ราย 6 เดือน
850    ^aฉบับที่ 38 ปีที่ 23
856    www.pbro.moph.go.th
945    ^p0^l0^i900749
999    ^aใช้งานได้ทุกระบบ
รายการนี้ยังไม่มีแท็ก
คุณยังไม่ได้ล็อกอิน คุณสามารถมีกิจกรรมร่วมกับเว็บไซต์ได้ แต่ต้องล็อกอินก่อน ::
  ล็อกอิน

รายการสื่อสารสนเทศ (วารสาร)

ดูแบบ: กล่อง รายการ
ARRIVED
ฉบับที่ 38 ปีที่ 23
สถานที่: ห้องสมุดวิทยาเขตสวรรค์ประชารักษ์ >หนังสือทั่วไป

BibComment


ยังไม่เคยถูกคอมเมนท์

คอมเมนท์ทรัพยากรรายการนี้
  คอมเมนท์: วารสารสาธารณสุขเพ..


 Copyright 2026. Bcnsprnw @Library